Guess that Kpop group by songs - Statistics

General Stats
  • This quiz has been taken 442 times
  • The average score is 6 of 12
Answer Stats
Song Answer % Correct
Dynamite BTS
99%
Lovesick Girls Blackpink
96%
Love Scenario Ikon
91%
Knock Knock Twice
77%
Wave Ateez
52%
Nobody Wonder Girls
46%
Zombie DAY6
37%
Piano Man Mamamoo
33%
Last Piece GOT7
29%
I Love You TREASURE
24%
Lay Back Verivery
11%
Love Talk Jus2
1%
No matching quizzes found
Score Distribution
Percent of People with Each Score
Percentile by Number Answered
Your Score History
You have not taken this quiz